Central Library OPAC University of Rajshahi

Molecular and cell biology : (Record no. 13943)

MARC details
000 -LEADER
fixed length control field 01641cam a22003857a 4500
001 - CONTROL NUMBER
control field 13943
003 - CONTROL NUMBER IDENTIFIER
rucl marc code BD-RjUL
005 - DATE AND TIME OF LATEST TRANSACTION
control field 20211208235537.0
008 - FIXED-LENGTH DATA ELEMENTS--GENERAL INFORMATION
fixed length control field 140203s20101996nyua 001 0 eng d
020 ## - INTERNATIONAL STANDARD BOOK NUMBER
International Standard Book Number 0071398813
035 ## - SYSTEM CONTROL NUMBER
System control number (BD-RJUL)13995
040 ## - CATALOGING SOURCE
Original cataloging agency LPU
Transcribing agency LPU
Modifying agency DLC
Language of cataloging eng
041 ## - LANGUAGE CODE
Language code of text/sound track or separate title eng
082 00 - DEWEY DECIMAL CLASSIFICATION NUMBER
Classification number 572.8
Edition number 22
Author mark and year STM 2010
100 1# - MAIN ENTRY--PERSONAL NAME
Personal name Stansfield, William D.,
Dates associated with a name 1930-
9 (RLIN) 37591
245 10 - TITLE STATEMENT
Title Molecular and cell biology :
Remainder of title based on Schaum's outline of theory and problems of molecular and cell biology by William D. Stansfield, Jaime S. Colomé, Rauĺ J. Cano /
Statement of responsibility, etc. abridgement editor, Katherine E. Cullen.
260 ## - PUBLICATION, DISTRIBUTION, ETC. (IMPRINT)
Place of publication, distribution, etc. New York :
Name of publisher, distributor, etc. McGraw-Hill,
Date of publication, distribution, etc. c2003.[Reprinting 2010]
300 ## - PHYSICAL DESCRIPTION
Pagination v, 122 p. :
Illustrations ill. ;
Size 22 cm.
504 ## - BIBLIOGRAPHY, ETC. NOTE
Bibliography, etc Includes index.
650 #0 - SUBJECT ADDED ENTRY--TOPICAL TERM
Topical term or geographic name as entry element Molecular biology
Form subdivision Outlines, syllabi, etc.
9 (RLIN) 43586
Topical term or geographic name as entry element Molecular biology
Form subdivision Problems, exercises, etc.
9 (RLIN) 43587
Topical term or geographic name as entry element Cytology
Form subdivision Outlines, syllabi, etc.
9 (RLIN) 43588
Topical term or geographic name as entry element Cytology
Form subdivision Problems, exercises, etc.
9 (RLIN) 43589
700 1# - ADDED ENTRY--PERSONAL NAME
Personal name Colomé, Jaime S.
Personal name Cano, Raúl J.
Personal name Cullen, Katherine E.
Personal name Stansfield, William D.,
Dates associated with a name 1930-
856 42 - ELECTRONIC LOCATION AND ACCESS
Materials specified Publisher description
Uniform Resource Identifier <a href="http://www.loc.gov/catdir/description/mh041/2003272771.html">http://www.loc.gov/catdir/description/mh041/2003272771.html</a>
Materials specified Contributor biographical information
Uniform Resource Identifier <a href="http://www.loc.gov/catdir/enhancements/fy0705/2003272771-b.html">http://www.loc.gov/catdir/enhancements/fy0705/2003272771-b.html</a>
942 ## - ADDED ENTRY ELEMENTS (KOHA)
Source of classification or shelving scheme Dewey Decimal Classification
Koha item type Books
Holdings
Lost status Source of classification or shelving scheme Damaged status Not for loan Collection code Permanent Location Current Location Shelving location Date acquired Source of acquisition Cost, normal purchase price Total Checkouts Full call number Date last seen Copy number Koha item type
  Dewey Decimal Classification   Not For Loan Non-fiction Central Library, University of Rajshahi Central Library, University of Rajshahi Reading Room 07/07/2013 Dhaka, paragon Enterprises LTD 546.00   572.8 STM 2010 03/02/2014 C-1 Books